书目信息 |
| 题名: |
全钢结构广播电视发射塔工程设计与施工综合技术
|
|
| 作者: | 肖绪文 , ,韩兴争 主编 | |
| 分册: | ||
| 出版信息: | 北京 中国建筑工业出版社 2012.10 |
|
| 页数: | 184页, [4] 页图版 | |
| 开本: | 26cm | |
| 丛书名: | ||
| 单 册: | ||
| 中图分类: | TU248.8 | |
| 科图分类: | ||
| 主题词: | 电视塔--dian shi ta--钢结构--结构设计--河南 , 电视塔--dian shi ta--钢结构--工程施工--河南 | |
| 电子资源: | ||
| ISBN: | 978-7-112-14599-7 | |
| 000 | 01004nam0 2200265 450 | |
| 001 | 0100003937 | |
| 005 | 20191028095635.55 | |
| 010 | @a978-7-112-14599-7@dCNY38.00 | |
| 100 | @a20121120d2012 em y0chiy50 ea | |
| 101 | 0 | @achi |
| 102 | @aCN@b110000 | |
| 105 | @aaf a 000yy | |
| 200 | 1 | @a全钢结构广播电视发射塔工程设计与施工综合技术@f肖绪文, 韩兴争主编@Fxiao xu wen , han xing zheng zhu bian |
| 210 | @a北京@c中国建筑工业出版社@d2012.10 | |
| 215 | @a184页, [4] 页图版@c图@d26cm | |
| 330 | @a本书介绍了河南省广播电视发射塔工程设计与施工综合技术, 共5篇, 包括概述、工程设计部分、施工技术部分、建筑智能化和绿色施工技术。 | |
| 540 | @a全钢结构广播电视发射塔工程设计与施工综合技术 | |
| 606 | 0 | @a电视塔@Adian shi ta@x钢结构@x结构设计@y河南 |
| 606 | 0 | @a电视塔@Adian shi ta@x钢结构@x工程施工@y河南 |
| 690 | @aTU248.8@v5 | |
| 701 | 0 | @a肖绪文@9xiao xu wen@4主编 |
| 701 | 1 | @a,韩兴争@9, han xing zheng@4主编 |
| 801 | @aCN@c20130701 | |
| 901 | @a012 | |
| 905 | @eX296@dTU248.8@a23412@b1099646-8 | |
| 全钢结构广播电视发射塔工程设计与施工综合技术/肖绪文, 韩兴争主编.-北京:中国建筑工业出版社,2012.10 |
| 184页, [4] 页图版:图;26cm |
| ISBN 978-7-112-14599-7:CNY38.00 |
| 本书介绍了河南省广播电视发射塔工程设计与施工综合技术, 共5篇, 包括概述、工程设计部分、施工技术部分、建筑智能化和绿色施工技术。 |
| ● |
| 相关链接 |
|
|
|
正题名:全钢结构广播电视发射塔工程设计与施工综合
索取号:TU248.8/X296
 
预约/预借
| 序号 | 登录号 | 条形码 | 馆藏地/架位号 | 状态 | 备注 |
| 1 | 1099646 | 210996467 | 建筑库101/101建筑库 72排1列2层/ [索取号:TU248.8/X296] | 在馆 | |
| 2 | 1099647 | 210996476 | 建筑库101/101建筑库 72排1列2层/ [索取号:TU248.8/X296] | 在馆 | |
| 3 | 1099648 | 210996485 | 建筑库101/101建筑库 72排1列2层/ [索取号:TU248.8/X296] | 在馆 | |
| 4 | 1454029 | 214540291 | 建筑库101/101建筑库 72排1列2层/ [索取号:TU248.8/X296] | 在馆 | |
| 5 | 1454030 | 214540308 | 建筑库101/101建筑库 72排1列2层/ [索取号:TU248.8/X296] | 在馆 | |
| 6 | 1454031 | 214540317 | 建筑库101/101建筑库 72排1列2层/ [索取号:TU248.8/X296] | 在馆 |